Online
Catalog

205 anécdotas del antiguo Egipto. (Record no. 1725)

MARC details
000 -CABECERA
campo de control de longitud fija 00440nam a2200157 a 4500
001 - NÚMERO DE CONTROL
campo de control 000001848
005 - FECHA Y HORA DE LA ÚLTIMA TRANSACCIÓN
campo de control 20200929145728.0
008 - DATOS DE LONGITUD FIJA--INFORMACIÓN GENERAL
campo de control de longitud fija 090629s20uu sp a 000 0 spa d
040 ## - FUENTE DE LA CATALOGACIÓN
Centro catalogador/agencia de origen DO-SdBNP
Lengua de catalogación spa
Centro/agencia transcriptor BNPHU
082 ## - NÚMERO DE LA CLASIFICACIÓN DECIMAL DEWEY
Número de clasificación xxx
Número de documento/Ítem D637
049 ## - FONDOS LOCALES (OCLC)
Fondos de biblioteca BNPD
245 00 - MENCIÓN DE TÍTULO
Título 205 anécdotas del antiguo Egipto.
246 00 - FORMA VARIANTE DE TÍTULO
Título propio/Titulo breve Docientos anécdota del antiguo Egipto
260 ## - PUBLICACIÓN, DISTRIBUCIÓN, ETC.
Lugar de publicación, distribución, etc. Barcelona :
Nombre del editor, distribuidor, etc. Mundo Revistal S.L,
Fecha de publicación, distribución, etc. 20?
300 ## - DESCRIPCIÓN FÍSICA
Extensión 50 p. :
Otras características físicas il. ;
Dimensiones 23 cm.
Holdings
Estado de retiro Estado de pérdida Restricciones de uso No para préstamo Código de colección Localización permanente Ubicación/localización actual Ubicación en estantería Fecha de adquisición Número de inventario Total de préstamos Signatura topográfica completa Código de barras Fecha visto por última vez Precio válido a partir de Tipo de ítem Koha
        Monografías: Libros y Folletos General General En catalogación 29.06.2009 LF1   xxx D637 1848-10 25.06.2020 25.06.2020 Préstamo en sala

Powered by Koha